Lisovací nástroje. STN 22 6004 : Lisovací nástroje pro plošné tváření. Všeobecné technické požadavky. Účinnost: 1.7.1983
Gespeichert in:
| Format: | Buch |
|---|---|
| Sprache: | Tschechisch |
| Veröffentlicht: |
Praha :
Úřad pro normalizaci a měření,
1983
|
| Schlagworte: | |
| Tags: |
Keine Tags, Fügen Sie das erste Tag hinzu!
|
MARC
| LEADER | 00000nam a22000003a 4500 | ||
|---|---|---|---|
| 001 | stu81181 | ||
| 005 | 20150408175436.6 | ||
| 008 | 030625s1983----cs------------------cze-d | ||
| 040 | |a STU |b slo | ||
| 041 | 0 | |a cze | |
| 044 | |a cs | ||
| 080 | |a 621.979.07 |7 stu_us_auth*stu2770 | ||
| 245 | |a Lisovací nástroje. STN 22 6004 : |b Lisovací nástroje pro plošné tváření. Všeobecné technické požadavky. Účinnost: 1.7.1983 | ||
| 260 | |a Praha : |b Úřad pro normalizaci a měření, |c 1983 | ||
| 300 | |a 12 s | ||
| 650 | 7 | |a nástroje lisovacie |2 stusub | |
| 996 | |b 284M056805 |c M*N-3-2 |l MMST |s P |a 0 |w stu81181_0001 | ||
| 996 | |b 284M051469 |c M*N-3-3 |l MMKN |s A |a 24 |w stu81181_0002 | ||
| 996 | |b MN 3 4 |c M*N-3-4 |l MMKN |s A |a 24 |w stu81181_0003 | ||